| 000 | 00000nam 2200000za 4500 |
| 001 | 9.812205 |
| 003 | CaOODSP |
| 005 | 20221107141251 |
| 007 | cr ||||||||||| |
| 008 | 160301s2016 onc|||||o f|0| 0 fre d |
| 040 | |aCaOODSP|bfre |
| 043 | |an-cn--- |
| 086 | 1 |aYC17-0/421-2F-PDF |
| 110 | 1 |aCanada. |bParlement. |bSénat. |bComité sénatorial permanent des affaires sociales, des sciences et de la technologie. |
| 245 | 12|aL'obésité au Canada |h[ressource électronique] : |bune approche pansociétale pour un Canada en meilleure santé / |cL'honorable Kelvin Kenneth Ogilvie, Président ; L'honorable Art Eggleton, C.P., Vice-président. |
| 260 | |aOttawa : |bSénat, |c2016. |
| 300 | |av, 53 p. : |bphotographies, tableaux. |
| 490 | 1 |aRapport du Comité sénatorial permanent des Affaires sociales, des sciences et de la technologie ; |v[42e législature, 1re session, 2e rapport] |
| 500 | |aMars 2016. |
| 500 | |aPublié aussi en anglais sous le titre : Obesity in Canada - a whole-of-society approach for a healthier Canada. |
| 504 | |aComprend des références bibliographiques. |
| 692 | 07|2gccst|aObésité |
| 775 | 08|tObesity in Canada |w(CaOODSP)9.812199 |
| 830 | #0|aRapport du Comité sénatorial permanent des affaires sociales, des sciences et de la technologie ;|v[42e législature, 1re session, 2e rapport]|w(CaOODSP)9.501656 |
| 856 | 40|qPDF|s925 Ko|uhttps://publications.gc.ca/collections/collection_2016/sen/yc17-0/YC17-0-421-2-fra.pdf |